Movie Pictures Starting with C - Statistics

General Stats
  • This quiz has been taken 108 times
    11 since last reset
  • The average score is 19 of 34
Answer Stats
Picture Answer % Correct
Cars
100%
Charlie and the Chocolate Factory
100%
Coco
100%
Catch Me If You Can
90%
Charlies Angels
90%
Chicken Little
90%
Cruella
90%
Chicken Run
70%
Child's Play
70%
Cinderella
70%
Cloudy with a Chance of Meatballs
70%
Coming to America
70%
Cool Runnings
70%
Coraline
70%
Captain America
60%
Casablanca
60%
Clueless
60%
Corpse Bride
60%
Crazy Rich Asians
60%
The Conjuring
60%
Candyman
50%
Captain Marvel
50%
Central Intelligence
50%
Chicago
50%
Clue
40%
Conclave
40%
The Crow
40%
Crouching Tiger Hidden Dragon
30%
Crimson Peak
20%
Children of Men
10%
The Craft
10%
Chaos Walking
0%
Charade
0%
The Count of Monte Cristo
0%
No matching quizzes found
Score Distribution
Percent of People with Each Score
Percentile by Number Answered
Your Score History
You have not taken this quiz since the last reset